| 000 | 00575nam a2200169Ia 4500 | ||
|---|---|---|---|
| 005 | 20250508152028.0 | ||
| 008 | 008 250505s9999 xx 000 0 eng d | ||
| 037 | _aBooks to be hide in OPAC | ||
| 040 |
_aFEDL _beng _cFEDL |
||
| 041 |
_aeng _2eng |
||
| 084 |
_a373.5414, BEN _qFEDL |
||
| 245 | 0 | _aReport of Bengal secondary education bill protest conference, Held in Calcutta, on the 21st, 22nd and 23rd December, 1940 | |
| 260 |
_aCalcutta, India _bBengal Education Council |
||
| 300 | _a64p. | ||
| 942 |
_cHB _h373.5414, BEN |
||
| 999 |
_c1333747 _d1333747 |
||